000 00687nam a2200217Ii 4500
003 JO-AjNU
008 230606s9999||||xx |||||||||||||| ||und||
020 _a978-0-367-65831-1
040 _aJO-AjNU
_beng
_erda
_cJO-AjNU
041 _aeng
050 1 4 _aTK5102.85.P76 2017
100 3 _aEdited Meng, Weizhi, Xiapu Luo, Steven Furnell, Jianying Zhou,
_eauthor
_96737
245 0 0 _aProtecting Mobile Networks and Devices: Challenges and Solutions
250 _a1ed
264 3 1 _aLondon:CRC press, 2017
300 _a318p
336 _atext
_btxt
_2rdacontent
337 _aunmediated
_bn
_2rdamedia
338 _avolume
_bnc
_2rdacarrier
650 4 _aProtecting Mobile Networks
_96738
999 _aE3499
_c3492
_d3492